[Event "European Youth Chess Championship G14"]
[Site "Prague, Top Hotel Prague"]
[Date "2016.08.21"]
[Round "4.26"]
[White "Nilsson, Kajsa 2002"]
[Black "Slaba, Andrea"]
[Result "1/2-1/2"]
[WhiteElo "1620"]
[BlackElo "1753"]
[PlyCount "103"]
[EventDate "2016.08.18"]

1. e4 e6 2. d4 d5 3. Nd2 Nf6 4. e5 Nfd7 5. c3 c5 6. f4 Nc6 7. Ndf3 Qb6 8. a3 c4
9. Ne2 Na5 10. g4 Nb3 11. Rb1 Nb8 12. Be3 Bd7 13. Qc2 Ba4 14. Ng3 Na6 15. f5 h6
16. Qf2 O-O-O 17. h4 g6 18. Bh3 Bd7 19. Qc2 Rg8 20. h5 gxf5 21. Nh2 Re8 22. Kf2
Qd8 23. Kg2 f6 24. Bf4 fxe5 25. Bxe5 Bg7 26. Nf3 fxg4 27. Bxg4 Bxe5 28. Nxe5
Qg5 29. Kh3 Ref8 30. Rbf1 Nd2 31. Rxf8+ Rxf8 32. Qh7 Nb8 33. Nxd7 Nxd7 34. Bxe6
Rd8 35. Qf7 Qe3 36. Kh2 Nf3+ 37. Kg2 Ng5 38. Bxd7+ Rxd7 39. Qf8+ Kc7 40. Rf1
Ne4 41. Nxe4 Qxe4+ 42. Kh3 Qe6+ 43. Rf5 Re7 44. Kg3 Qe3+ 45. Rf3 Qg5+ 46. Kf2
Qh4+ 47. Rg3 Qh2+ 48. Rg2 Re2+ 49. Kxe2 Qxg2+ 50. Qf2 Qe4+ 51. Qe3 Qc2+ 52. Kf3
1/2-1/2

[Event "European Youth Chess Championship G14"]
[Site "Prague, Top Hotel Prague"]
[Date "2016.08.21"]
[Round "4.27"]
[White "Richterova, Julie"]
[Black "Tomcikova, Dominika"]
[Result "1-0"]
[WhiteElo "1592"]
[BlackElo "1741"]
[PlyCount "89"]
[EventDate "2016.08.18"]

1. d4 Nf6 2. c4 e6 3. Nc3 c5 4. d5 exd5 5. cxd5 d6 6. e4 g6 7. h3 Bg7 8. Nf3
O-O 9. Bd3 Re8 10. O-O a6 11. a4 Nbd7 12. Re1 Qc7 13. Qb3 Ne5 14. Nxe5 Rxe5 15.
Bf4 Re8 16. Rac1 Nd7 17. Bf1 Ne5 18. Be3 f5 19. f4 Nf7 20. exf5 Bxf5 21. g4 Bd7
22. Bf2 Kf8 23. Ne4 b6 24. Bh4 Bd4+ 25. Kh2 Kg7 26. Nd2 Kg8 27. Ne4 b5 28. axb5
axb5 29. Nf6+ Bxf6 30. Bxf6 Qb7 31. f5 g5 32. Bg2 Qa7 33. h4 h6 34. Qh3 gxh4
35. Qxh4 Qa4 36. Qh5 Qf4+ 37. Kh1 Ne5 38. Bxe5 Rxe5 39. Qg6+ Kf8 40. Qxd6+ Kg8
41. Qxe5 Qxg4 42. d6 Qh4+ 43. Kg1 Rd8 44. Bd5+ Kh7 45. Qe7+ 1-0

[Event "European Youth Chess Championship G14"]
[Site "Prague, Top Hotel Prague"]
[Date "2016.08.21"]
[Round "4.28"]
[White "Leonova, Ameliya"]
[Black "Olde, Grete"]
[Result "1/2-1/2"]
[WhiteElo "1513"]
[BlackElo "1727"]
[PlyCount "87"]
[EventDate "2016.08.18"]

1. e4 e5 2. Nf3 Nc6 3. Bb5 a6 4. Bxc6 dxc6 5. O-O f6 6. d4 exd4 7. Nxd4 c5 8.
Ne2 Bd7 9. Be3 Bd6 10. Nf4 Bc6 11. Qh5+ Ke7 12. Ng6+ hxg6 13. Qxh8 Kf7 14. Nc3
Qe7 15. Qh4 g5 16. Qh5+ Kf8 17. Rae1 Qe5 18. g3 Bb5 19. f4 gxf4 20. Qxe5 Bxe5
21. Bxc5+ Kf7 22. Nxb5 axb5 23. gxf4 Bxb2 24. e5 b6 25. e6+ Ke8 26. Bf2 f5 27.
Bh4 Nf6 28. Rd1 Rxa2 29. Rd3 Ra4 30. c3 Re4 31. Re1 Rxe1+ 32. Bxe1 Ke7 33. Rg3
Kxe6 34. Rxg7 Nd5 35. Rg2 Bxc3 36. Bxc3 Nxc3 37. h4 Nd5 38. h5 Nf6 39. h6 c5
40. Rg6 Kf7 41. Rg7+ Kf8 42. Rg5 Kf7 43. Rg7+ Kf8 44. Rg6 1/2-1/2

[Event "European Youth Chess Championship G14"]
[Site "Prague, Top Hotel Prague"]
[Date "2016.08.21"]
[Round "4.29"]
[White "Andrade, Sandoval Bianca"]
[Black "Liiv, Kristiina"]
[Result "1-0"]
[WhiteElo "1899"]
[BlackElo "1341"]
[PlyCount "51"]
[EventDate "2016.08.18"]

1. d4 d5 2. Bf4 Nf6 3. Nf3 e6 4. e3 Be7 5. Bd3 O-O 6. Nbd2 c5 7. c3 Nc6 8. h3
b6 9. O-O Bb7 10. Re1 Rc8 11. Bh2 Qd7 12. Bb5 Rfd8 13. Ne5 Qe8 14. Qa4 a5 15.
Ndf3 h6 16. dxc5 Bxc5 17. Nd4 Bxd4 18. cxd4 Ne4 19. Rac1 Rd6 20. Nxc6 Rdxc6 21.
Bxc6 Bxc6 22. Qd1 Ba4 23. Rxc8 Qxc8 24. Qxa4 Nd2 25. Qd1 Nc4 26. b3 1-0

[Event "European Youth Chess Championship G14"]
[Site "Prague, Top Hotel Prague"]
[Date "2016.08.21"]
[Round "4.30"]
[White "Koubova, Anna Marie"]
[Black "Akulova, Alicia"]
[Result "1-0"]
[WhiteElo "1868"]
[BlackElo "1611"]
[PlyCount "51"]
[EventDate "2016.08.18"]

1. d4 d5 2. Nf3 e6 3. c4 Nf6 4. g3 Be7 5. Bg2 O-O 6. O-O Nbd7 7. Bf4 Nh5 8. Bc1
Nhf6 9. Qc2 c5 10. cxd5 Nxd5 11. Nc3 Nxc3 12. bxc3 Nb6 13. Rd1 Qe8 14. Ne5 cxd4
15. cxd4 Bf6 16. Nc4 Nxc4 17. Qxc4 Qe7 18. Rb1 Re8 19. Bf4 Rd8 20. Qc5 Qxc5 21.
dxc5 Rxd1+ 22. Rxd1 Kf8 23. Bc7 a6 24. Rb1 Ra7 25. Bb6 Ra8 26. c6 1-0

[Event "European Youth Chess Championship G14"]
[Site "Prague, Top Hotel Prague"]
[Date "2016.08.21"]
[Round "4.31"]
[White "Bellahcene, Meriem"]
[Black "Waardenburg, Marlinde"]
[Result "1/2-1/2"]
[WhiteElo "1837"]
[BlackElo "1580"]
[PlyCount "101"]
[EventDate "2016.08.18"]

1. e4 e5 2. Bc4 Nc6 3. Nc3 Nf6 4. d3 Na5 5. Bb3 Nxb3 6. axb3 Be7 7. Nge2 c6 8.
O-O O-O 9. h3 d5 10. exd5 Nxd5 11. Re1 Qc7 12. Nxd5 cxd5 13. Nc3 Be6 14. Bd2 a6
15. Rc1 Bc5 16. Qf3 Rad8 17. Qg3 Bd6 18. Qf3 Qc6 19. Ne2 f5 20. Nc3 e4 21. Qe2
Rde8 22. dxe4 fxe4 23. Rcd1 d4 24. Na2 Qxc2 25. Qxe4 Qxe4 26. Rxe4 Bxb3 27.
Rxe8 Rxe8 28. Ra1 Re2 29. Nc1 Rxd2 30. Nxb3 Rxb2 31. Nxd4 Bc5 32. Rd1 h6 33. g4
Bxd4 34. Rxd4 b5 35. Rd6 a5 36. Ra6 a4 37. Ra5 Kf7 38. Kf1 Kf6 39. h4 Ke5 40.
Ra7 g6 41. Ra6 h5 42. Rxg6 hxg4 43. h5 a3 44. Ra6 g3 45. Rxa3 Rxf2+ 46. Kg1 Rf5
47. h6 Rh5 48. Rxg3 Kf5 49. Rc3 Kg6 50. Rc6+ Kh7 51. Rb6 1/2-1/2

[Event "European Youth Chess Championship G14"]
[Site "Prague, Top Hotel Prague"]
[Date "2016.08.21"]
[Round "4.32"]
[White "Granovskaya, Ekaterina"]
[Black "Szczerbacewicz, Nastia"]
[Result "1-0"]
[WhiteElo "1805"]
[BlackElo "1565"]
[PlyCount "63"]
[EventDate "2016.08.18"]

1. e4 c5 2. Nf3 Nc6 3. d4 cxd4 4. Nxd4 Nf6 5. Nc3 e5 6. Ndb5 d6 7. Nd5 Nxd5 8.
exd5 Nb8 9. c4 Be7 10. Bd3 O-O 11. O-O f5 12. f3 a6 13. Nc3 Bg5 14. Qe2 Nd7 15.
Bxg5 Qxg5 16. f4 Qh6 17. Bc2 Nf6 18. fxe5 Ng4 19. h3 Nxe5 20. b3 f4 21. Be4 Qg5
22. Kh1 Rf6 23. Bxh7+ Kxh7 24. Ne4 Qh6 25. Nxf6+ gxf6 26. Qe4+ Qg6 27. Qxf4 Kg7
28. Rae1 Bd7 29. Re3 Kf8 30. Rg3 Qf7 31. Qh6+ Ke8 32. Rxf6 1-0

[Event "European Youth Chess Championship G14"]
[Site "Prague, Top Hotel Prague"]
[Date "2016.08.21"]
[Round "4.33"]
[White "Kvendseth, Thyra"]
[Black "Mkrtchyan, Anahit"]
[Result "0-1"]
[WhiteElo "1735"]
[BlackElo "1561"]
[PlyCount "110"]
[EventDate "2016.08.18"]

1. e4 c6 2. d4 d5 3. exd5 cxd5 4. Nf3 Nc6 5. Be2 Nf6 6. O-O Bg4 7. Re1 e6 8.
Bg5 Be7 9. c3 O-O 10. Ne5 Bxe2 11. Qxe2 Nd7 12. Bxe7 Qxe7 13. f4 Ndxe5 14. fxe5
Qg5 15. Nd2 a6 16. Nf3 Qe7 17. Qe3 b5 18. Re2 b4 19. Rf1 bxc3 20. bxc3 Na5 21.
Nd2 Rac8 22. Rf3 Nc4 23. Nxc4 Rxc4 24. Rg3 g6 25. Rf3 a5 26. h3 Rfc8 27. Rc2
Qh4 28. Qf2 Qxf2+ 29. Rcxf2 R8c7 30. Rd2 Rxc3 31. Rxc3 Rxc3 32. Kf2 a4 33. Ke2
Ra3 34. Kd1 Kg7 35. Kc1 f6 36. Kb2 Rg3 37. Kc2 fxe5 38. dxe5 Re3 39. Rd4 Re2+
40. Kb1 Re4 41. Rxe4 dxe4 42. Kc2 Kh6 43. Kc3 Kg5 44. g3 Kf5 45. Kd4 h6 46. a3
g5 47. h4 gxh4 48. gxh4 h5 49. Ke3 Kxe5 50. Ke2 Kf4 51. Kf2 e3+ 52. Ke2 Ke4 53.
Ke1 Kf3 54. Kf1 e2+ 55. Ke1 e5 0-1

[Event "European Youth Chess Championship G14"]
[Site "Prague, Top Hotel Prague"]
[Date "2016.08.21"]
[Round "4.34"]
[White "Kulpa, Zuzanna"]
[Black "Markova, Kristyna"]
[Result "1-0"]
[WhiteElo "1719"]
[BlackElo "1536"]
[PlyCount "73"]
[EventDate "2016.08.18"]

1. d4 d5 2. c4 e6 3. Nf3 Nf6 4. g3 Nbd7 5. Bg2 Bb4+ 6. Bd2 Bxd2+ 7. Nbxd2 O-O
8. O-O b6 9. Rc1 Bb7 10. Qc2 c5 11. cxd5 exd5 12. dxc5 Nxc5 13. Nb3 Rc8 14.
Nxc5 Rxc5 15. Qd3 Ra5 16. Qb1 Qe7 17. Nd4 Ne4 18. Nb3 Ra4 19. Rfd1 Rc4 20. Nd2
Rxc1 21. Qxc1 Rc8 22. Qb1 Nxd2 23. Rxd2 Qc5 24. Qd1 Rd8 25. Rd4 h6 26. e4 Re8
27. exd5 Qa5 28. Rd2 Qxa2 29. d6 Bxg2 30. d7 Rd8 31. Kxg2 Qe6 32. Qc2 g6 33.
Qc7 Qe4+ 34. f3 Qa8 35. Rc2 Kh7 36. Qc8 Qxc8 37. dxc8=Q 1-0

[Event "European Youth Chess Championship G14"]
[Site "Prague, Top Hotel Prague"]
[Date "2016.08.21"]
[Round "4.35"]
[White "Munte, Noa"]
[Black "Hrysogelou, Athanasia-Panagiot"]
[Result "1/2-1/2"]
[WhiteElo "1529"]
[BlackElo "1695"]
[PlyCount "110"]
[EventDate "2016.08.18"]

1. d4 Nf6 2. Nf3 e6 3. c4 b6 4. a3 Ba6 5. Qb3 c5 6. d5 exd5 7. cxd5 Be7 8. Nc3
O-O 9. g3 d6 10. Bg2 Re8 11. O-O Nbd7 12. a4 Bf8 13. Re1 Rc8 14. Nd2 Rb8 15.
Nb5 Bxb5 16. axb5 Qc7 17. f4 Rec8 18. Nc4 Re8 19. Qd3 Rbd8 20. Bd2 Nb8 21. Ra2
Qb7 22. Rea1 Qe7 23. Bf3 Rd7 24. Bc1 Ne4 25. Bxe4 Qxe4 26. Qxe4 Rxe4 27. b3
Ree7 28. Kf2 g6 29. Bb2 Bg7 30. Bxg7 Kxg7 31. e4 f6 32. Kf3 Rf7 33. h4 h6 34.
Kg2 Rfe7 35. Kf3 Rf7 36. g4 Rfe7 37. g5 hxg5 38. hxg5 fxg5 39. fxg5 Kh8 40.
Rh1+ Rh7 41. Rxh7+ Kxh7 42. Kg4 Kg7 43. Rg2 a6 44. Nxb6 Re7 45. bxa6 Nxa6 46.
Re2 Nb4 47. Kf3 Nd3 48. Nc4 Rd7 49. Re3 Nb4 50. Kg4 Nc2 51. Rf3 Nd4 52. Rf6 Nb5
53. Kf3 Nd4+ 54. Ke3 Nb5 55. Kd3 Rd8 1/2-1/2

[Event "European Youth Chess Championship G14"]
[Site "Prague, Top Hotel Prague"]
[Date "2016.08.21"]
[Round "4.36"]
[White "Sidamonidze, Anastasia"]
[Black "Norlamo, Sarabella"]
[Result "1-0"]
[WhiteElo "1690"]
[BlackElo "1534"]
[PlyCount "111"]
[EventDate "2016.08.18"]

1. e4 e5 2. Nf3 Nc6 3. d4 exd4 4. Nxd4 Qf6 5. Be3 Bc5 6. c3 Nge7 7. Bc4 d6 8.
O-O Ne5 9. Be2 O-O 10. f4 N5c6 11. Qd3 a6 12. Nd2 Qg6 13. f5 Qf6 14. N2b3 Ba7
15. Qd2 h6 16. Rf3 Bd7 17. Rg3 Kh7 18. Rh3 d5 19. g4 Qd6 20. g5 Ng8 21. gxh6
Nxh6 22. exd5 Nxd4 23. Nxd4 Rh8 24. Bf4 Qf6 25. Bg5 Bxd4+ 26. cxd4 Qb6 27. Bg4
Kg8 28. Bxh6 Rxh6 29. Rxh6 Qxh6 30. Qxh6 gxh6 31. Rc1 c6 32. dxc6 Bxc6 33. Kf2
Re8 34. Bf3 Bb5 35. Rc2 b6 36. Bc6 Rc8 37. Be4 Rd8 38. Ke3 Kg7 39. Rc7 Kf6 40.
Rb7 Rd6 41. d5 a5 42. b3 a4 43. Rb8 Ke5 44. Rf8 Rf6 45. Rd8 axb3 46. axb3 Bf1
47. Re8+ Kd6 48. Kf4 Bb5 49. Rd8+ Kc7 50. Rf8 Kd6 51. Rb8 Kc7 52. Ke5 Rxf5+ 53.
Kxf5 Kxb8 54. Kf6 Kc7 55. Ke7 h5 56. d6+ 1-0

[Event "European Youth Chess Championship G14"]
[Site "Prague, Top Hotel Prague"]
[Date "2016.08.21"]
[Round "4.37"]
[White "Lagazauri, Tamar"]
[Black "Jarocka, Liwia"]
[Result "0-1"]
[WhiteElo "1505"]
[BlackElo "1676"]
[PlyCount "76"]
[EventDate "2016.08.18"]

1. c4 g6 2. Nc3 c5 3. g3 Nc6 4. Bg2 Bg7 5. e3 d6 6. Nge2 e6 7. O-O Nge7 8. Rb1
O-O 9. d3 Rb8 10. a3 a5 11. Nb5 d5 12. Bd2 dxc4 13. dxc4 b6 14. Bc3 Ba6 15. Qb3
Bxb5 16. Qxb5 Qc7 17. Rfd1 Rfd8 18. Qa4 Ne5 19. Qc2 Nf5 20. Bxe5 Bxe5 21. Nc3
h5 22. Nb5 Qe7 23. Nc3 Qc7 24. Na4 h4 25. Rxd8+ Rxd8 26. Rd1 Rb8 27. Qe4 hxg3
28. hxg3 b5 29. cxb5 Rxb5 30. Qc4 Rb8 31. b3 Bxg3 32. Qxc5 Bxf2+ 33. Kxf2 Qg3+
34. Kg1 Nxe3 35. Qc6 Nxd1 36. Qc2 Ne3 37. Qd2 Qxg2+ 38. Qxg2 Nxg2 0-1

[Event "European Youth Chess Championship G14"]
[Site "Prague, Top Hotel Prague"]
[Date "2016.08.21"]
[Round "4.38"]
[White "Golsta, Madara"]
[Black "Lorencova, Michaela"]
[Result "1-0"]
[WhiteElo "1675"]
[BlackElo "1491"]
[PlyCount "41"]
[EventDate "2016.08.18"]

1. e4 e5 2. Nf3 Nf6 3. Nc3 Nc6 4. Bb5 Bb4 5. d3 d6 6. O-O O-O 7. Bg5 Bxc3 8.
bxc3 Bg4 9. Re1 Re8 10. Rb1 Rb8 11. Bxc6 bxc6 12. Rxb8 Qxb8 13. Bxf6 gxf6 14.
h3 Be6 15. Nh4 Kh8 16. Qf3 Qd8 17. Rb1 Bxa2 18. Rb8 Qe7 19. Rxe8+ Qxe8 20.
Qxf6+ Kg8 21. Nf5 1-0

[Event "European Youth Chess Championship G14"]
[Site "Prague, Top Hotel Prague"]
[Date "2016.08.21"]
[Round "4.39"]
[White "Janotkova, Katerina"]
[Black "Oliveira, Maria Alice Ramos Ma"]
[Result "0-1"]
[WhiteElo "1229"]
[BlackElo "1667"]
[PlyCount "82"]
[EventDate "2016.08.18"]

1. e4 e5 2. Nf3 Nc6 3. Bb5 a6 4. Ba4 Nf6 5. d3 b5 6. Bb3 Be7 7. c3 d6 8. O-O
O-O 9. Nbd2 Na5 10. Bc2 c5 11. Re1 Nc6 12. Nf1 d5 13. Qe2 d4 14. Ng3 Re8 15. h3
h6 16. Nh4 Be6 17. Ngf5 Bf8 18. Qf3 Kh8 19. Bd1 g5 20. Qg3 gxh4 21. Qxh4 Ng8
22. Qh5 Qf6 23. Bf3 Qg6 24. Qh4 Be7 25. Nxe7 Ncxe7 26. Bh5 Qf6 27. Qxf6+ Nxf6
28. Bxh6 Nxh5 29. g4 Kh7 30. Bg5 Ng7 31. Bf6 Nc6 32. Rec1 Rac8 33. cxd4 Nxd4
34. Kf1 Bd7 35. Rc3 Re6 36. g5 Nh5 37. Rac1 Nxf6 38. gxf6 Rec6 39. a3 Bxh3+ 40.
Ke1 a5 41. Kd2 b4 0-1

[Event "European Youth Chess Championship G14"]
[Site "Prague, Top Hotel Prague"]
[Date "2016.08.21"]
[Round "4.40"]
[White "Grimaldi, Angela Flavia"]
[Black "Kvamme, Ingrid Jodre"]
[Result "1-0"]
[WhiteElo "1662"]
[BlackElo "1486"]
[PlyCount "163"]
[EventDate "2016.08.18"]

1. e4 c5 2. Nf3 g6 3. d4 Bg7 4. Nc3 cxd4 5. Nxd4 Nc6 6. Nde2 Nf6 7. g3 O-O 8.
Bg2 d6 9. O-O Nd7 10. h3 Nc5 11. Be3 Bd7 12. Qd2 Re8 13. Rfd1 Ne6 14. f4 Na5
15. b3 Bc6 16. Rac1 b6 17. Nd5 Rc8 18. c4 Nc7 19. Nd4 Bd7 20. f5 Nxd5 21. cxd5
Nb7 22. fxg6 hxg6 23. Nc6 Bxc6 24. dxc6 Na5 25. Qd5 Qc7 26. b4 Nxc6 27. b5 e6
28. Qxc6 Qxc6 29. bxc6 Be5 30. Kf2 Rc7 31. Bf4 Rec8 32. Bxe5 dxe5 33. Rd6 Kf8
34. Bf1 Ke7 35. Rcd1 Rxc6 36. Rd7+ Kf6 37. Ba6 R8c7 38. Rxc7 Rxc7 39. Ke2 Ke7
40. Kd2 f5 41. Re1 f4 42. gxf4 exf4 43. e5 Rc5 44. Bd3 g5 45. Re4 Ra5 46. Bc4
Ra4 47. Kd3 Ra5 48. Bb3 Rc5 49. Re1 Kf7 50. h4 gxh4 51. Ke4 Rc3 52. Kxf4 h3 53.
Rh1 a5 54. Kg4 Re3 55. Rxh3 Rxe5 56. Rf3+ Ke7 57. Kf4 Rf5+ 58. Ke4 Rxf3 59.
Kxf3 Kd6 60. Ke4 e5 61. Ba4 Kc5 62. Kxe5 Kb4 63. Bb3 Kc5 64. Ke4 Kc6 65. Kd4
Kb5 66. Kc3 Kc5 67. Bd1 Kb5 68. Kb3 Kc5 69. Ka4 Kc6 70. Be2 Kc5 71. Bb5 Kd6 72.
Kb3 Kc5 73. a4 Kd5 74. Kc3 Kc5 75. Kd3 Kd5 76. Be8 Kc5 77. Ke4 Kd6 78. Kf5 Kd5
79. Kf6 Kd6 80. Kf7 Kc7 81. Ke7 b5 82. Bxb5 1-0

[Event "European Youth Chess Championship G14"]
[Site "Prague, Top Hotel Prague"]
[Date "2016.08.21"]
[Round "4.41"]
[White "Merkesvik, Amalie Isabel"]
[Black "Levin, Emily"]
[Result "1/2-1/2"]
[WhiteElo "1639"]
[BlackElo "1390"]
[PlyCount "95"]
[EventDate "2016.08.18"]

1. e4 c6 2. d4 d5 3. exd5 cxd5 4. Bd3 Nc6 5. c3 Qc7 6. Ne2 Bg4 7. f3 Bh5 8. Bf4
Qd7 9. O-O e6 10. Ng3 Bg6 11. Re1 Bd6 12. Bxd6 Qxd6 13. Qe2 Nge7 14. Nd2 O-O
15. Rac1 Rac8 16. Ndf1 Rfe8 17. Ne3 Bxd3 18. Qxd3 Ng6 19. Ne2 a6 20. g3 e5 21.
Ng2 e4 22. fxe4 Rxe4 23. Nef4 Nxf4 24. Nxf4 Rce8 25. Qf1 h6 26. Rxe4 Rxe4 27.
Re1 Rxe1 28. Qxe1 Kf8 29. Nd3 b6 30. Qe3 Qe6 31. Qf4 g5 32. Qf2 Ke7 33. Kf1 Qe4
34. Qe2 Qxe2+ 35. Kxe2 Ke6 36. Kf3 f5 37. h4 Kf6 38. b3 a5 39. a4 Ke6 40. Nf2
Kf6 41. Nd1 Ne7 42. h5 Ke6 43. Ne3 Ng8 44. g4 fxg4+ 45. Nxg4 Kf5 46. Ne3+ Ke6
47. Ng4 Kf5 48. Ne3+ 1/2-1/2

[Event "European Youth Chess Championship G14"]
[Site "Prague, Top Hotel Prague"]
[Date "2016.08.21"]
[Round "4.42"]
[White "Pecorini, Angie"]
[Black "Plaza, Reino Leire"]
[Result "1-0"]
[WhiteElo "1625"]
[BlackElo "1124"]
[PlyCount "89"]
[EventDate "2016.08.18"]

1. d4 Nf6 2. c4 e6 3. Nc3 Bb4 4. e3 b6 5. Nge2 Bb7 6. a3 Bxc3+ 7. Nxc3 d6 8.
Bd3 Bxg2 9. Rg1 Bb7 10. Rxg7 Qe7 11. e4 Nbd7 12. f4 e5 13. fxe5 dxe5 14. d5
O-O-O 15. Bh6 Rhg8 16. Qf3 Rxg7 17. Bxg7 Rg8 18. Bxf6 Nxf6 19. O-O-O Kb8 20.
Rf1 Nd7 21. Qxf7 Qxf7 22. Rxf7 Nc5 23. Bc2 h6 24. b4 Na6 25. Rf6 Rh8 26. Re6
Kc8 27. Rxe5 Kd7 28. Rh5 c6 29. dxc6+ Bxc6 30. b5 Bb7 31. bxa6 Bxa6 32. Nb5
Bxb5 33. cxb5 Ke6 34. Bb3+ Ke7 35. Kd2 Ke8 36. e5 Ke7 37. Ke3 Ke8 38. e6 Ke7
39. Ke4 Ke8 40. Ke5 Ke7 41. Rh3 Rh7 42. Rd3 Rh8 43. Rd7+ Ke8 44. Rxa7 h5 45.
Ra8+ 1-0

[Event "European Youth Chess Championship G14"]
[Site "Prague, Top Hotel Prague"]
[Date "2016.08.21"]
[Round "4.44"]
[White "Smith, Rachel Lorna"]
[Black "Greibrokk, Maria"]
[Result "0-1"]
[WhiteElo "1616"]
[BlackElo "1567"]
[PlyCount "94"]
[EventDate "2016.08.18"]

1. d4 Nf6 2. Nc3 d5 3. Bg5 e6 4. e3 c6 5. Bd3 Bd6 6. f4 c5 7. Nb5 Be7 8. dxc5
Bxc5 9. Nd4 Nbd7 10. Ngf3 Qb6 11. Qc1 O-O 12. O-O Ne4 13. c3 f6 14. Bh4 e5 15.
Nc2 exf4 16. Nfd4 fxe3 17. Qxe3 Qxb2 18. Bxe4 dxe4 19. Rfb1 Qxc2 20. Nxc2 Bxe3+
21. Nxe3 b6 22. c4 Nc5 23. a4 Nb7 24. Bg3 f5 25. Bf4 Be6 26. Rb5 Rac8 27. Re5
Bd7 28. Rd5 Rf7 29. a5 Nxa5 30. c5 Nc6 31. cxb6 axb6 32. Rb1 h6 33. Nc4 Be6 34.
Nd6 Rd8 35. Rdb5 Rfd7 36. Rxb6 Rxd6 37. Bxd6 Rxd6 38. Rc1 Bd7 39. Rc2 e3 40.
Kf1 f4 41. h3 g5 42. Ke1 g4 43. Rc4 f3 44. gxf3 gxf3 45. Rb2 Rg6 46. Kd1 Rg1+
47. Kc2 e2 0-1

[Event "European Youth Chess Championship G14"]
[Site "Prague, Top Hotel Prague"]
[Date "2016.08.21"]
[Round "4.45"]
[White "Petkova, Denitsa"]
[Black "Mura, Marta"]
[Result "1/2-1/2"]
[WhiteElo "1602"]
[BlackElo "1483"]
[PlyCount "96"]
[EventDate "2016.08.18"]

1. e4 e6 2. d4 d5 3. Nd2 dxe4 4. Nxe4 Bd7 5. Nf3 Bc6 6. Bd3 Nd7 7. Qe2 Be7 8.
O-O Ngf6 9. Nxf6+ Nxf6 10. c3 O-O 11. Bf4 Bxf3 12. Qxf3 c6 13. Rac1 Qb6 14. Qe2
c5 15. Be5 cxd4 16. Bxd4 Qd8 17. Bb1 Qd5 18. Rcd1 Qh5 19. Qxh5 Nxh5 20. Be3 Nf6
21. Bg5 Rfd8 22. Bc2 h6 23. Bf4 Rac8 24. Rfe1 Nd5 25. Bg3 Bf6 26. Bb3 Nb6 27.
f3 Nd7 28. Bf2 a6 29. Bc2 Ne5 30. Be4 Nc4 31. Bxb7 Nxb2 32. Rxd8+ Rxd8 33. Bxa6
Bxc3 34. Rc1 Be5 35. Rc8 Rxc8 36. Bxc8 Kf8 37. Bd7 Ke7 38. Bb5 Kd6 39. Be8 f6
40. Kf1 Nd3 41. Bg1 Bc3 42. a4 Nc5 43. Bb5 e5 44. Bf2 Bb4 45. g4 Kd5 46. h4 Ba5
47. Bxc5 Kxc5 48. Ke2 Kd4 1/2-1/2

[Event "European Youth Chess Championship G14"]
[Site "Prague, Top Hotel Prague"]
[Date "2016.08.21"]
[Round "4.46"]
[White "Rubsamen, Anais"]
[Black "Davidson, Laura"]
[Result "1-0"]
[WhiteElo "1578"]
[BlackElo "1453"]
[PlyCount "99"]
[EventDate "2016.08.18"]

1. Nf3 Nf6 2. g3 g6 3. Bg2 Bg7 4. O-O O-O 5. d3 d5 6. Nbd2 Nc6 7. Rb1 e5 8. e3
Re8 9. e4 a5 10. b3 Qd6 11. exd5 Nxd5 12. Nc4 Qd8 13. Bb2 Nb6 14. Nfd2 Nxc4 15.
Nxc4 Nd4 16. Re1 Bf5 17. Bxb7 Ra7 18. Bxd4 exd4 19. Bg2 Qd7 20. a4 Rf8 21. Qd2
Bh3 22. Bxh3 Qxh3 23. Nxa5 Ra6 24. Nc4 Rb8 25. Qf4 Raa8 26. Qxc7 Rc8 27. Qb7
Rab8 28. Qg2 Qd7 29. Rbc1 Qc7 30. Re2 Qc5 31. Rce1 Qb4 32. Qd5 Rd8 33. Qa5 Qb7
34. Qd2 Qc7 35. Re7 Qc5 36. Qf4 Rf8 37. Qd6 Qf5 38. Qd7 Qf3 39. Ne5 Bxe5 40.
R7xe5 Rbd8 41. Qa7 Qc6 42. Qc5 Qf6 43. Qb5 Rb8 44. Qd5 Rfd8 45. Qe4 Rbc8 46.
Re2 Qb6 47. Qf4 Rf8 48. R5e4 Rfd8 49. Qh6 Qc5 50. Rh4 1-0

[Event "European Youth Chess Championship G14"]
[Site "Prague, Top Hotel Prague"]
[Date "2016.08.21"]
[Round "4.47"]
[White "Sorensen, Signe Sofie Boss"]
[Black "Minko, Olga"]
[Result "1-0"]
[WhiteElo "1369"]
[BlackElo "1622"]
[PlyCount "171"]
[EventDate "2016.08.18"]

1. e4 e5 2. Nf3 Nc6 3. d4 exd4 4. Bc4 h6 5. Nxd4 Bc5 6. Be3 Qf6 7. c3 d6 8. b4
Bb6 9. a4 Ne5 10. Be2 a6 11. Na3 Qg6 12. Bf3 Nf6 13. Qc2 Nxf3+ 14. gxf3 Bd7 15.
a5 Ba7 16. O-O-O Qh5 17. Qe2 O-O-O 18. b5 Bxd4 19. Rxd4 axb5 20. Rb4 c5 21. Rb2
b4 22. cxb4 cxb4 23. Rxb4 Qxa5 24. Qc4+ Kb8 25. Qb3 Rc8+ 26. Kd2 Be6 27. Qb2 d5
28. Kd1 Qa6 29. Nb5 dxe4 30. Bf4+ Ka8 31. Nc7+ Rxc7 32. Bxc7 Nd5 33. Rb3 Qa4
34. Ke1 Nb4 35. Rxb4 Qa6 36. Rg1 Rc8 37. Qc2 Qa1+ 38. Rb1 Qd4 39. Rd1 Qb4+ 40.
Rd2 exf3 41. Rg4 Rxc7 42. Rxb4 Rxc2 43. Rxc2 Kb8 44. Rf4 b5 45. Rxf3 b4 46. Rb2
b3 47. Rbxb3+ Bxb3 48. Rxb3+ Kc7 49. Rd3 Kc6 50. Ke2 Kc7 51. Ke3 f6 52. Ke4 g6
53. f4 Kc6 54. h4 g5 55. fxg5 fxg5 56. hxg5 hxg5 57. Ke5 g4 58. Ke6 Kc5 59. Rg3
Kd4 60. Rxg4+ Ke3 61. Kf5 Kf3 62. Ra4 Ke3 63. Rb4 Kd3 64. Ke5 Kc3 65. Rh4 Kd3
66. Rg4 Kc3 67. Kd5 Kb3 68. Kc5 Kc3 69. Rg3+ Kd2 70. Kc4 Ke2 71. Kd4 Kf2 72.
Ra3 Ke2 73. Rb3 Kf2 74. Ke4 Kg2 75. Kf4 Kh2 76. Kg4 Kg2 77. Rb2+ Kf1 78. Kg3
Ke1 79. Kf3 Kd1 80. Ke3 Kc1 81. Rh2 Kd1 82. Rg2 Kc1 83. Kd3 Kb1 84. Kc3 Ka1 85.
Kb3 Kb1 86. Rg1# 1-0

[Event "European Youth Chess Championship G14"]
[Site "Prague, Top Hotel Prague"]
[Date "2016.08.21"]
[Round "4.48"]
[White "Golsta, Ramona"]
[Black "Moerwald, Miriam"]
[Result "1-0"]
[WhiteElo "1561"]
[BlackElo "1618"]
[PlyCount "95"]
[EventDate "2016.08.18"]

1. d4 Nf6 2. Nf3 g6 3. Bg5 Bg7 4. Nbd2 d5 5. e3 O-O 6. Bd3 Nbd7 7. O-O Re8 8.
e4 dxe4 9. Nxe4 Nxe4 10. Bxe4 Nf6 11. Bd3 Bg4 12. c3 Qd6 13. h3 Be6 14. Ne5 c5
15. Nc4 Qd5 16. Be3 Red8 17. Qe2 Rac8 18. Nd2 Qd6 19. Rfd1 b6 20. Nf3 c4 21.
Bc2 Nd5 22. Bd2 Nf4 23. Bxf4 Qxf4 24. Qe4 Qxe4 25. Bxe4 Bd5 26. Re1 Bf6 27. Re3
Rc7 28. Rae1 Rcd7 29. Bxd5 Rxd5 30. Ne5 Bg5 31. Re4 e6 32. f4 Bh4 33. Rf1 Bf6
34. Nxc4 Rc8 35. Ne5 Ra5 36. a3 Rb5 37. Re2 Bh4 38. g4 h5 39. Rf3 Rd5 40. g5
Rd6 41. Rfe3 Rd5 42. Kg2 f6 43. gxf6 Rd6 44. Nf3 Bxf6 45. Rxe6 Rxe6 46. Rxe6
Bd8 47. Ng5 Bc7 48. Rc6 1-0

[Event "European Youth Chess Championship G14"]
[Site "Prague, Top Hotel Prague"]
[Date "2016.08.21"]
[Round "4.49"]
[White "Dziho, Sadzida"]
[Black "Nass, Maria"]
[Result "0-1"]
[WhiteElo "1539"]
[BlackElo "1588"]
[PlyCount "88"]
[EventDate "2016.08.18"]

1. d4 Nf6 2. c4 g6 3. Nf3 Bg7 4. Bg5 O-O 5. e3 d6 6. Nc3 Nbd7 7. Be2 h6 8. Bh4
g5 9. Bg3 Nh5 10. Qc2 c6 11. Nxg5 hxg5 12. Bxh5 e5 13. dxe5 dxe5 14. Rd1 f5 15.
f4 g4 16. h3 exf4 17. Bxf4 Qh4+ 18. Kd2 Qxh5 19. hxg4 Qxg4 20. Kc1 Ne5 21. Rd4
Qg6 22. c5 Be6 23. e4 Nc4 24. Rd3 fxe4 25. Rg3 Qf5 26. Bh6 Rf7 27. Nxe4 Kf8 28.
Bxg7+ Ke7 29. Rf3 Qg4 30. Rxf7+ Kxf7 31. Bc3 Bf5 32. Nf2 Qf4+ 33. Bd2 Nxd2 34.
Qxd2 Qc4+ 35. Kd1 Qxa2 36. Ke2 Qc4+ 37. Kf3 Qxc5 38. Ne4 Bxe4+ 39. Kxe4 Re8+
40. Kf4 Qe5+ 41. Kf3 Rf8 42. Qd7+ Kg6+ 43. Kg4 Qg5+ 44. Kh3 Rh8+ 0-1